<?xml version="1.0" encoding="UTF-8"?>
<record
    xmlns:xsi="http://www.w3.org/2001/XMLSchema-instance"
    xsi:schemaLocation="http://www.loc.gov/MARC21/slim http://www.loc.gov/standards/marcxml/schema/MARC21slim.xsd"
    xmlns="http://www.loc.gov/MARC21/slim">

  <leader>04996nam a2200733uu 4500</leader>
  <controlfield tag="001">1424327</controlfield>
  <controlfield tag="005">20260508090130.0</controlfield>
  <controlfield tag="008">151016s2015                        spa  </controlfield>
  <datafield tag="020" ind1=" " ind2=" ">
    <subfield code="a">9789589952757</subfield>
  </datafield>
  <datafield tag="035" ind1=" " ind2=" ">
    <subfield code="a">1424327</subfield>
  </datafield>
  <datafield tag="040" ind1=" " ind2=" ">
    <subfield code="c">comduadb</subfield>
  </datafield>
  <datafield tag="041" ind1=" " ind2=" ">
    <subfield code="a">spa</subfield>
  </datafield>
  <datafield tag="082" ind1=" " ind2="4">
    <subfield code="a">940</subfield>
  </datafield>
  <datafield tag="110" ind1="2" ind2="0">
    <subfield code="a">Revista Credencial Historia</subfield>
    <subfield code="4">aut</subfield>
    <subfield code="e">aut</subfield>
    <subfield code="9">833512</subfield>
  </datafield>
  <datafield tag="245" ind1="1" ind2="0">
    <subfield code="a">100 a&#xF1;os de la Primera Guerra Mundial</subfield>
  </datafield>
  <datafield tag="260" ind1=" " ind2=" ">
    <subfield code="a">Bogot&#xE1; :</subfield>
    <subfield code="b">Revista Credencial Historia,</subfield>
    <subfield code="c">2015.</subfield>
  </datafield>
  <datafield tag="300" ind1=" " ind2=" ">
    <subfield code="a">231 p&#xE1;ginas  :</subfield>
    <subfield code="b">ilustraciones a color</subfield>
  </datafield>
  <datafield tag="490" ind1="0" ind2=" ">
    <subfield code="a">Credencial Historia</subfield>
  </datafield>
  <datafield tag="505" ind1=" " ind2=" ">
    <subfield code="a">CONTENIDO : Un mundo pr&#xF3;spero, cambiante y soberbio camina hacia la guerra. -- En las v&#xED;speras de la primera guerra mundial, la recomposici&#xF3;n de los imperios. -- La transici&#xF3;n del siglo XIX al XX en Am&#xE9;rica Latina y en Colombia. Impacto de la presencia extranjera. -- Sarajevo &#xBF;causa o pretexto?. -- Las operaciones militares de 1914 y 1915 : de la guerra de movimientos a la de posiciones. -- La primera guerra mundial en oriente. -- El primer hervor de la descolonizaci&#xF3;n : &#xC1;frica y la primera guerra mundial. -- 1916 y 1917 : los a&#xF1;os oscuros de la guerra. -- La agon&#xED;a del "hombre enfermo" : el imperio otomano y el medio oriente durante la primera guerra mundial. -- La guerra a la gran guerra. -- Neutralidad en medio de la guerra. -- La gran guerra en el aire y en los mares. -- Guerra "Made in USA". -- El &#xFA;ltimo esfuerzo : ofensivas y contra-ofensivas a finales de la primera guerra mundial. -- La gran guerra y la revoluci&#xF3;n rusa. -- Repercusiones jur&#xED;dicas de los tratados de paz de la gran guerra. -- . -- Salvando vidas en el campo de batalla : la salud y la medicina durante la primera guerra mundial. -- Psicoanalistas en frente de batalla. -- las mujeres durante la gran guerra. -- Arte, vanguardias y resistencias est&#xE9;ticas durante la gran guerra. -- Las novelas de la gran guerra. -- El cine durante la gran guerra. -- Combatientes colombianos en la gran guerra. -- La neutralidad colombiana durante la primera guerra mundial. -- El Canal de Panam&#xE1; y la gran guerra. -- La gran guerra y el nuevo sentido de la valoraci&#xF3;n del patrimonio cultural. -- La gran guerra en la historiograf&#xED;a : la cuesti&#xF3;n de la culpa. .</subfield>
  </datafield>
  <datafield tag="520" ind1="3" ind2=" ">
    <subfield code="a">La Gran Guerra, Primera Guerra Mundial o "madre de todas las guerras", marc&#xF3; un hito en la historia del siglo XX y desat&#xF3; una oscura nube que a&#xFA;n no se disipa. Parte importante de los conflictos que se viven en el planeta en pleno siglo XXI son consecuencia de los cabos sueltos de aquella guerra, de lo que no se resolvi&#xF3; con ella, de lo que, por el contrario, se agudiz&#xF3; y luego se agrav&#xF3; todav&#xED;a m&#xE1;s.</subfield>
  </datafield>
  <datafield tag="650" ind1=" " ind2="7">
    <subfield code="a">Guerra mundial I,</subfield>
    <subfield code="y">1914-1918</subfield>
    <subfield code="2">lemb</subfield>
    <subfield code="9">44449</subfield>
  </datafield>
  <datafield tag="650" ind1=" " ind2=" ">
    <subfield code="a">Centenarios</subfield>
    <subfield code="9">5358</subfield>
  </datafield>
  <datafield tag="650" ind1=" " ind2="7">
    <subfield code="a">Operaciones militares</subfield>
    <subfield code="2">lemb</subfield>
    <subfield code="9">150438</subfield>
  </datafield>
  <datafield tag="650" ind1=" " ind2=" ">
    <subfield code="a">Sarajevo</subfield>
    <subfield code="9">25334</subfield>
  </datafield>
  <datafield tag="650" ind1=" " ind2="7">
    <subfield code="a">Descolonizaci&#xF3;n</subfield>
    <subfield code="2">lemb</subfield>
    <subfield code="9">125345</subfield>
  </datafield>
  <datafield tag="650" ind1=" " ind2=" ">
    <subfield code="a">Neutralidad</subfield>
    <subfield code="9">24866</subfield>
  </datafield>
  <datafield tag="650" ind1=" " ind2=" ">
    <subfield code="a">Imperio otomano</subfield>
    <subfield code="9">79357</subfield>
  </datafield>
  <datafield tag="650" ind1=" " ind2=" ">
    <subfield code="a">Medio Oriente</subfield>
    <subfield code="9">30402</subfield>
  </datafield>
  <datafield tag="650" ind1=" " ind2="7">
    <subfield code="a">Acuerdos de paz</subfield>
    <subfield code="2">lemb</subfield>
    <subfield code="9">24871</subfield>
  </datafield>
  <datafield tag="650" ind1=" " ind2=" ">
    <subfield code="a">Psicoanalistas</subfield>
    <subfield code="9">10709</subfield>
  </datafield>
  <datafield tag="650" ind1=" " ind2="7">
    <subfield code="a">Mujeres</subfield>
    <subfield code="2">lemb</subfield>
    <subfield code="9">43319</subfield>
  </datafield>
  <datafield tag="650" ind1=" " ind2=" ">
    <subfield code="a">Canal de Panam&#xE1;</subfield>
    <subfield code="9">40860</subfield>
  </datafield>
  <datafield tag="650" ind1=" " ind2="7">
    <subfield code="a">Cine</subfield>
    <subfield code="x">Aspectos sociales</subfield>
    <subfield code="2">armarc</subfield>
    <subfield code="9">2009</subfield>
  </datafield>
  <datafield tag="650" ind1=" " ind2="0">
    <subfield code="a">Cine</subfield>
    <subfield code="9">43537</subfield>
  </datafield>
  <datafield tag="650" ind1=" " ind2=" ">
    <subfield code="a">Negocios</subfield>
    <subfield code="9">3677</subfield>
  </datafield>
  <datafield tag="650" ind1=" " ind2="7">
    <subfield code="a">Historiograf&#xED;a</subfield>
    <subfield code="2">lemb</subfield>
    <subfield code="9">5353</subfield>
  </datafield>
  <datafield tag="650" ind1=" " ind2="7">
    <subfield code="a">Arte</subfield>
    <subfield code="2">lemb</subfield>
    <subfield code="9">1148</subfield>
  </datafield>
  <datafield tag="650" ind1=" " ind2="7">
    <subfield code="a">Literatura y sociedad</subfield>
    <subfield code="2">lemb</subfield>
    <subfield code="9">2166</subfield>
  </datafield>
  <datafield tag="700" ind1=" " ind2="0">
    <subfield code="a">Rodr&#xED;guez G&#xF3;mez, Juan Camilo</subfield>
    <subfield code="4">edt</subfield>
    <subfield code="0">(viaf)232843707</subfield>
    <subfield code="e">edt</subfield>
    <subfield code="9">479493</subfield>
  </datafield>
  <datafield tag="700" ind1="1" ind2="0">
    <subfield code="a">Mar Ikon&#xF3;mova, Aneta de la</subfield>
    <subfield code="4">aut</subfield>
    <subfield code="e">aut</subfield>
    <subfield code="9">747869</subfield>
  </datafield>
  <datafield tag="700" ind1="1" ind2="0">
    <subfield code="a">Ayala Diago, C&#xE9;sar Augusto</subfield>
    <subfield code="4">aut</subfield>
    <subfield code="0">(isni)0000 0000 4447 9958</subfield>
    <subfield code="0">(viaf)61665264</subfield>
    <subfield code="e">aut</subfield>
    <subfield code="9">272607</subfield>
  </datafield>
  <datafield tag="700" ind1="1" ind2="0">
    <subfield code="a">Rivadeneira Vel&#xE1;squez, Ricardo</subfield>
    <subfield code="4">aut</subfield>
    <subfield code="e">aut</subfield>
    <subfield code="9">744664</subfield>
  </datafield>
  <datafield tag="700" ind1="1" ind2="0">
    <subfield code="a">Iriarte N&#xFA;&#xF1;ez, Gabriel</subfield>
    <subfield code="4">aut</subfield>
    <subfield code="e">aut</subfield>
    <subfield code="9">717893</subfield>
  </datafield>
  <datafield tag="700" ind1="1" ind2="0">
    <subfield code="a">Little, Roch Charles</subfield>
    <subfield code="4">aut</subfield>
    <subfield code="e">aut</subfield>
    <subfield code="9">747872</subfield>
  </datafield>
  <datafield tag="700" ind1="1" ind2="0">
    <subfield code="a">D&#xED;az D&#xED;az, Rafael Antonio</subfield>
    <subfield code="4">aut</subfield>
    <subfield code="0">(isni)0000 0000 4168 6169</subfield>
    <subfield code="0">(viaf)58736250</subfield>
    <subfield code="e">aut</subfield>
    <subfield code="9">362349</subfield>
  </datafield>
  <datafield tag="700" ind1="1" ind2="0">
    <subfield code="a">Fajardo Barrag&#xE1;n, Arnovy</subfield>
    <subfield code="4">aut</subfield>
    <subfield code="e">aut</subfield>
    <subfield code="9">724701</subfield>
  </datafield>
  <datafield tag="700" ind1="1" ind2="0">
    <subfield code="a">Pe&#xF1;a, Luis de la</subfield>
    <subfield code="4">aut</subfield>
    <subfield code="e">aut</subfield>
    <subfield code="9">511100</subfield>
  </datafield>
  <datafield tag="700" ind1="1" ind2="0">
    <subfield code="a">Molino Garc&#xED;a, Ricardo del</subfield>
    <subfield code="4">aut</subfield>
    <subfield code="e">aut</subfield>
    <subfield code="9">445044</subfield>
  </datafield>
  <datafield tag="700" ind1="1" ind2="0">
    <subfield code="a">Cort&#xE9;s Guerrero, Jos&#xE9; David</subfield>
    <subfield code="4">aut</subfield>
    <subfield code="0">(isni)0000 0000 7246 0058</subfield>
    <subfield code="0">(viaf)87128986</subfield>
    <subfield code="e">aut</subfield>
    <subfield code="9">286029</subfield>
  </datafield>
  <datafield tag="700" ind1="1" ind2="0">
    <subfield code="a">Cote R., Jorge Alberto</subfield>
    <subfield code="4">aut</subfield>
    <subfield code="e">aut</subfield>
    <subfield code="9">607043</subfield>
  </datafield>
  <datafield tag="700" ind1="1" ind2="0">
    <subfield code="a">Rodr&#xED;guez Hern&#xE1;ndez, Sa&#xFA;l Mauricio</subfield>
    <subfield code="4">aut</subfield>
    <subfield code="e">aut</subfield>
    <subfield code="9">279331</subfield>
  </datafield>
  <datafield tag="700" ind1="1" ind2="0">
    <subfield code="a">Mej&#xED;a Azuero, Jean Carlo</subfield>
    <subfield code="4">aut</subfield>
    <subfield code="e">aut</subfield>
    <subfield code="9">305951</subfield>
  </datafield>
  <datafield tag="700" ind1="1" ind2="0">
    <subfield code="a">Vega Vargas, Manuel</subfield>
    <subfield code="4">aut</subfield>
    <subfield code="e">aut</subfield>
    <subfield code="9">747874</subfield>
  </datafield>
  <datafield tag="700" ind1=" " ind2="0">
    <subfield code="a">Ram&#xED;rez Ortiz, Mario Elkin</subfield>
    <subfield code="4">aut</subfield>
    <subfield code="e">aut</subfield>
    <subfield code="9">304174</subfield>
  </datafield>
  <datafield tag="700" ind1="1" ind2="0">
    <subfield code="a">Le&#xF3;n Soler, Natalia</subfield>
    <subfield code="4">aut</subfield>
    <subfield code="e">aut</subfield>
    <subfield code="9">729942</subfield>
  </datafield>
  <datafield tag="700" ind1="1" ind2="0">
    <subfield code="a">Garc&#xED;a Nu&#xF1;ez, Luis Fernando</subfield>
    <subfield code="4">aut</subfield>
    <subfield code="e">aut</subfield>
    <subfield code="9">553219</subfield>
  </datafield>
  <datafield tag="700" ind1="1" ind2="0">
    <subfield code="a">Laurens, Mauricio</subfield>
    <subfield code="4">aut</subfield>
    <subfield code="e">aut</subfield>
    <subfield code="9">262546</subfield>
  </datafield>
  <datafield tag="700" ind1="1" ind2="0">
    <subfield code="a">Vejarano Alvarado, Fern&#xE1;n</subfield>
    <subfield code="4">aut</subfield>
    <subfield code="0">(viaf) 41243607</subfield>
    <subfield code="e">aut</subfield>
    <subfield code="9">747875</subfield>
  </datafield>
  <datafield tag="700" ind1="1" ind2="0">
    <subfield code="a">Morales de G&#xF3;mez, Teresa</subfield>
    <subfield code="4">aut</subfield>
    <subfield code="e">aut</subfield>
    <subfield code="9">864785</subfield>
  </datafield>
  <datafield tag="700" ind1="1" ind2="0">
    <subfield code="a">Schuster, Sven</subfield>
    <subfield code="4">aut</subfield>
    <subfield code="e">aut</subfield>
    <subfield code="9">592605</subfield>
  </datafield>
  <datafield tag="700" ind1="1" ind2="0">
    <subfield code="a">Agudelo Vel&#xE1;squez, Leonardo</subfield>
    <subfield code="4">aut</subfield>
    <subfield code="e">aut</subfield>
  </datafield>
  <datafield tag="700" ind1="1" ind2="0">
    <subfield code="a">Beltr&#xE1;n B, Lina Constanza</subfield>
    <subfield code="4">aut</subfield>
    <subfield code="e">aut</subfield>
    <subfield code="9">736401</subfield>
  </datafield>
  <datafield tag="942" ind1=" " ind2=" ">
    <subfield code="c">BOOK</subfield>
  </datafield>
  <datafield tag="999" ind1=" " ind2=" ">
    <subfield code="c">727509</subfield>
    <subfield code="d">727509</subfield>
  </datafield>
  <datafield tag="952" ind1=" " ind2=" ">
    <subfield code="0">0</subfield>
    <subfield code="1">0</subfield>
    <subfield code="4">0</subfield>
    <subfield code="7">0</subfield>
    <subfield code="8">GEN</subfield>
    <subfield code="a">BC</subfield>
    <subfield code="b">BC</subfield>
    <subfield code="d">2015-10-16</subfield>
    <subfield code="e">Material adquirido por donaci&#xF3;n</subfield>
    <subfield code="g">42000.00</subfield>
    <subfield code="i">C1234648</subfield>
    <subfield code="l">1</subfield>
    <subfield code="o">940.3 R454</subfield>
    <subfield code="p">01009797</subfield>
    <subfield code="r">2025-08-22 20:25:29</subfield>
    <subfield code="s">2024-01-25</subfield>
    <subfield code="t">1</subfield>
    <subfield code="w">2023-05-03</subfield>
    <subfield code="y">BOOK</subfield>
  </datafield>
</record>
